Statistics for Boston Celtics 2010's Starters

Click here to take the quiz!

General Stats

  • This quiz has been taken 244 times
    (146 since last reset)
  • The average score is 16 of 24

Answer Stats

Player Starts % Correct
Kyrie Irving2
98%
Rajon Rondo3
98%
Paul Pierce4
97%
Kevin Garnett4
97%
Jayson Tatum2
96%
Ray Allen3
95%
Jaylen Brown1
93%
Isaiah Thomas2
92%
Kendrick Perkins1
88%
Al Horford3
88%
Marcus Smart1
87%
Avery Bradley5
72%
Jae Crowder2
61%
Aron Baynes1
56%
Shaquille O'Neal1
54%
Jeff Green1
49%
Jared Sullinger3
48%
Amir Johnson2
47%
Marcus Morris1
47%
Brandon Bass4
42%
Tyler Zeller1
30%
Evan Turner1
29%
Courtney Lee1
21%
Jordan Crawford1
12%

Score Distribution

Percentile by Number Answered

Percent of People with Each Score

Your Score History

You have not taken this quiz since the last reset